000 00841nam a22001935i 4500
001 159871
003 ES-MaACL
005 20251002203606.0
008 990701s1866 fr |||| | fre d
040 _aGA
_bspa
_cCCPB | 3D
100 1 _aMoleschott, Jacques.
_9130019
245 1 3 _aLa circulation de la vie
_b: lettres sur la phycologie en résponse aux lettres sur la chimie de Liebig /
_cpar Jac. Moleschott ; traduit l'allemand ... par le Dr. E. Cazelles.
260 _aParis :
_bGermer Baillière,
_c1866 (
_fImprimerie de E. Martinet)
300 _a2 v. (XXVIII, 201 ; 233 p.) ;
_c19 cm.
505 8 _aContiene : un estracto del catálogo de la librería Germer Bailliére
700 1 _aCazelles, Émile,
_d1831-1908
_9126406
852 _aES-MaACL
_jF-12250
_z-- Enc. pasta española
_z-- 2 t. en 1 v.
999 _c159871
_d159871